[Event "TCh-RUS Blitz 2015"]
[Site "Sochi RUS"]
[Date "2015.05.10"]
[Round "6.8"]
[White "Sharafiev, Azat"]
[Black "Dubov, Daniil"]
[Result "1/2-1/2"]
[WhiteTitle "IM"]
[BlackTitle "GM"]
[WhiteElo "2415"]
[BlackElo "2659"]
[WhiteTeam "Rook (Kazan)"]
[BlackTeam "Our Heritage SHSM-1 (Moscow)"]
[WhiteFideId "4186214"]
[BlackFideId "24126055"]
[EventDate "2015.05.10"]

1. c4 Nf6 2. Nf3 c6 3. Nc3 d5 4. e3 e6 5. d4 Nbd7 6. Qc2 Bd6 7. b3 O-O 8. Be2
dxc4 9. bxc4 e5 10. O-O Re8 11. c5 Bc7 12. Bc4 exd4 13. exd4 Nf8 14. Bg5 Be6 15.
Bb3 h6 16. Bh4 Ng6 17. Bg3 Bxg3 18. hxg3 Qd7 19. Rad1 Bxb3 20. axb3 Nd5 21. Ne4
Qf5 22. Rfe1 Re6 23. Qb1 Rae8 24. Nd6 Rxe1+ 25. Rxe1 Qxb1 26. Rxb1 Re7 27. Nc8
Re8 28. Nd6 Re7 29. Nc8 Re2 30. Nxa7 Nge7 31. Ra1 Rb2 32. Ra3 f6 33. Kf1 Kf7 34.
Ke1 Ke6 35. Nd2 Kd7 36. Nc4 Rb1+ 37. Kd2 Kc7 38. Nd6 Rb2+ 39. Ke1 Nb4 40. Kf1
Nc2 41. Ra4 Rxb3 42. Ne8+ Kd7 43. Nxg7 Ra3 44. Rxa3 Nxa3 45. Nh5 Nd5 46. g4 Kc7
47. Ng7 Kb8 48. Nxc6+ bxc6 49. Nf5 Nb5 50. Ke2 Kc7 51. g3 Kd7 52. Kd3 Ne7 53.
Nxh6 Ke6 54. f4 Kd5 55. g5 fxg5 56. fxg5 Nxd4 57. Ng4 Kxc5 58. Ne5 Ne6 59. Nxc6
Kxc6 60. g6 Ng7 61. g4 Kd5 62. g5 Ke5 63. Kc4 Nd5 64. Kc5 Ne7 65. Kc4 Kd6 66.
Kd4 Nef5+ 67. Ke4 Ke6 68. Kd3 Kd5 69. Kc3 Kc5 70. Kd3 Nd6 71. Ke3 Kc4 72. Kd2
Kd4 73. Kc2 Nb5 74. Kb3 Kc5 75. Kc2 Kd4 76. Kb3 Kc5 77. Kc2 Kc4 78. Kb2 Nd4 79.
Ka3 Kb5 80. Kb2 Kb4 81. Ka2 Ka4 82. Kb2 Kb4 83. Ka2 Kc4 84. Ka3 Kc3 85. Ka4 Kc4
86. Ka5 Kc5 87. Ka4 Nc6 88. Kb3 Nb4 89. Ka4 Nd5 90. Kb3 Kd4 91. Ka4 Kc4 92. Ka5
Ne7 93. Ka4 Ng8 94. Ka3 Ne7 95. Ka4 Nef5 96. Ka3 Nd4 97. Ka4 Nc6 98. Ka3 Nd4 99.
Ka4 Nb3 100. Ka3 Nc5 101. Kb2 Kd3 102. Ka3 Kc3 103. Ka2 Na4 104. Ka3 Nb2 105.
Ka2 Nc4 106. Kb1 Kd2 107. Ka2 Kc2 108. Ka1 Nd2 109. Ka2 Nb1 110. Ka1 Na3 111.
Ka2 Nb5 112. Ka1 Nd6 113. Ka2 Nc4 114. Ka1 Nd2 115. Ka2 Nb1 116. Ka1 Na3 117.
Ka2 Nb5 118. Ka1 Nd4 119. Ka2 Nb5 120. Ka1 Kc3 121. Ka2 Kc2 122. Ka1 Na3 123.
Ka2 Nb1 124. Ka1 Ne6 125. g7 Nxg7 126. g6 Nd2 127. Ka2 Nc4 128. Ka1 Na3 129. Ka2
Nb5 130. Ka1 Kc3 131. Ka2 Nd6 132. Ka3 Kc4 133. Ka4 Nb7 134. Ka3 Nc5 135. Kb2
Kd3 136. Ka2 Kc2 137. Ka3 Kc3 138. Ka2 Nd3 139. Ka3 Nb2 140. Ka2 Nc4 141. Kb1
Kd2 142. Ka2 Kc2 143. Ka1 Ne6 144. g7 Nd4 145. g8=Q Nb3+ 146. Ka2 Nc1+ 147. Ka1 1/2-1/2

[Event "TCh-RUS Blitz 2015"]
[Site "Sochi RUS"]
[Date "2015.05.10"]
[Round "6.9"]
[White "Sjugirov, Sanan"]
[Black "Korobov, Anton"]
[Result "0-1"]
[WhiteTitle "GM"]
[BlackTitle "GM"]
[WhiteElo "2670"]
[BlackElo "2708"]
[WhiteTeam "Lada (Samara region)"]
[BlackTeam "Sibir (Novosibirsk)"]
[WhiteFideId "4189302"]
[BlackFideId "14105730"]
[EventDate "2015.05.10"]

1. d4 Nf6 2. c4 e6 3. g3 c5 4. d5 exd5 5. cxd5 d6 6. Nc3 g6 7. Bg2 Bg7 8. Nf3
O-O 9. O-O a6 10. a4 Nbd7 11. Bf4 Qe7 12. h3 Rb8 13. Qd3 Re8 14. Rfe1 Nh5 15.
Bg5 Bf6 16. Bxf6 Nhxf6 17. e4 Nh5 18. Kh2 f6 19. Nd2 Ne5 20. Qe2 Bd7 21. f4 Nf7
22. a5 Ng7 23. Nc4 Bb5 24. Nxb5 axb5 25. Na3 b4 26. Nc4 Qd7 27. Qd3 Qb5 28. b3
Re7 29. Re3 Rbe8 30. Rae1 Qa6 31. h4 h5 32. Bh3 Nh6 33. R3e2 Ng4+ 34. Bxg4 hxg4
35. Kg2 Kh7 36. Kf2 Qb5 37. Re3 Qd7 38. Qe2 f5 39. e5 dxe5 40. Nb6 Qd8 41. Rxe5
Rxe5 42. fxe5 Nh5 43. d6 f4 44. Qxg4 fxg3+ 45. Kg2 Rf8 46. Qd7+ Qxd7 47. Nxd7
Rf2+ 48. Kh3 g2 49. Rg1 0-1

[Event "TCh-RUS Blitz 2015"]
[Site "Sochi RUS"]
[Date "2015.05.10"]
[Round "6.10"]
[White "Bocharov, Dmitry"]
[Black "Bukavshin, Ivan"]
[Result "1-0"]
[WhiteTitle "GM"]
[BlackTitle "GM"]
[WhiteElo "2577"]
[BlackElo "2648"]
[WhiteTeam "Sibir (Novosibirsk)"]
[BlackTeam "Lada (Samara region)"]
[WhiteFideId "4138716"]
[BlackFideId "4199758"]
[EventDate "2015.05.10"]

1. Nf3 e6 2. g3 b5 3. Bg2 Bb7 4. O-O c5 5. d3 d6 6. e4 Nd7 7. Re1 Be7 8. Nbd2
Ngf6 9. c3 Rc8 10. a4 b4 11. a5 bxc3 12. bxc3 Ba6 13. Nf1 O-O 14. Ne3 Qc7 15.
Qc2 Nb8 16. Nc4 Nfd7 17. Bf4 Bxc4 18. dxc4 Nc6 19. Qa4 Bf6 20. Red1 Nde5 21. Ne1
g5 22. Be3 Rb8 23. h3 Kh8 24. f4 gxf4 25. gxf4 Ng6 26. e5 Ncxe5 27. fxe5 Bxe5
28. Qc2 Rg8 29. Nf3 Bf6 30. a6 Ne7 31. Rab1 Nf5 32. Bf2 Rb6 33. Kh1 Rxa6 34. Nd2
Be5 35. Ne4 Rb6 36. Qd2 Qe7 37. Rxb6 axb6 38. Rb1 Rb8 39. Bf3 Nh4 40. Be2 Ng6
41. Qh6 Bf4 42. Qh5 f5 43. Ng3 Qf6 44. Qf3 Be5 45. Nh5 Qe7 46. Rd1 Rg8 47. Rg1
Rf8 48. Qc6 Bxc3 49. Qxb6 Be5 50. Qc6 Rb8 51. Be3 Qh4 52. Qf3 Qe4 53. Qxe4 fxe4
54. Bg4 Rb2 55. Rg2 Rb1+ 56. Rg1 Rb2 57. Rg2 Rb1+ 58. Rg1 Rb2 59. Rf1 d5 60.
Bxe6 d4 61. Bh6 e3 62. Ra1 Rb8 63. Re1 Re8 64. Bd5 Ne7 65. Bf7 Rb8 66. Rf1 e2
67. Re1 d3 68. Be6 Ng8 69. Be3 Bc3 70. Rg1 Bd4 71. Bxd4+ cxd4 72. Nf4 Rf8 73.
Nxd3 Nf6 74. c5 Ne4 75. c6 Nf2+ 76. Nxf2 Rxf2 77. c7 Rf8 78. c8=Q Rxc8 79. Bxc8
d3 80. Ba6 1-0

[Event "TCh-RUS Blitz 2015"]
[Site "Sochi RUS"]
[Date "2015.05.10"]
[Round "6.11"]
[White "Frolyanov, Dmitry"]
[Black "Kokarev, Dmitry"]
[Result "1-0"]
[WhiteTitle "GM"]
[BlackTitle "GM"]
[WhiteElo "2569"]
[BlackElo "2635"]
[WhiteTeam "Lada (Samara region)"]
[BlackTeam "Sibir (Novosibirsk)"]
[WhiteFideId "4151976"]
[BlackFideId "4132181"]
[EventDate "2015.05.10"]

1. e4 c5 2. Nf3 d6 3. d4 cxd4 4. Nxd4 Nf6 5. Nc3 a6 6. Be3 Ng4 7. Bc1 Nf6 8. Be3
Ng4 9. Bc1 Nf6 10. Be3 Ng4 11. Bc1 Nf6 12. Be3 e6 13. a4 b6 14. Bd3 Bb7 15. O-O
Qc7 16. f4 Nbd7 17. Kh1 Nc5 18. Qf3 Be7 19. Rae1 d5 20. e5 Nfe4 21. f5 Qxe5 22.
fxe6 fxe6 23. Qf7+ Kd7 24. Bxe4 dxe4 25. Rd1 Bd5 26. Nxd5 exd5 27. Bf4 1-0

[Event "TCh-RUS Blitz 2015"]
[Site "Sochi RUS"]
[Date "2015.05.10"]
[Round "6.12"]
[White "Maletin, Pavel"]
[Black "Predke, Alexandr"]
[Result "1/2-1/2"]
[WhiteTitle "GM"]
[WhiteElo "2587"]
[BlackElo "2533"]
[WhiteTeam "Sibir (Novosibirsk)"]
[BlackTeam "Lada (Samara region)"]
[WhiteFideId "4146786"]
[BlackFideId "24107581"]
[EventDate "2015.05.10"]

1. Nf3 d5 2. g3 g6 3. Bg2 Bg7 4. d4 c6 5. Nbd2 Nf6 6. c4 O-O 7. O-O Bf5 8. b3
Ne4 9. Bb2 Nxd2 10. Qxd2 Nd7 11. Nh4 Be6 12. cxd5 cxd5 13. Qb4 b6 14. Rac1 Nf6
15. Nf3 Ne4 16. Ne5 Bxe5 17. dxe5 Nc5 18. Rfd1 Rc8 19. Qh4 Qd7 20. e4 d4 21.
Rxd4 Qb5 22. Qxe7 Qe2 23. Ba3 Qxa2 24. Bxc5 bxc5 25. Ra4 Qxb3 26. Rxa7 c4 27.
Rc7 Qb2 28. Rd1 Qxe5 29. Rxc8 Rxc8 30. f4 Qc5+ 31. Qxc5 Rxc5 32. Rc1 c3 33. Kf2
c2 34. Ke3 Bb3 35. Bf1 Rc3+ 36. Bd3 Bc4 37. Kd4 Rxd3+ 38. Kxc4 Rd2 39. Kc3 Rxh2
40. Rxc2 Rh3 41. Rg2 h5 42. Kd4 Kg7 43. Ke3 Rh1 44. Kf3 Ra1 1/2-1/2

[Event "TCh-RUS Blitz 2015"]
[Site "Sochi RUS"]
[Date "2015.05.10"]
[Round "6.13"]
[White "Chigaev, Maksim"]
[Black "Yudin, Sergei"]
[Result "1-0"]
[WhiteTitle "IM"]
[BlackTitle "GM"]
[WhiteElo "2496"]
[BlackElo "2524"]
[WhiteTeam "SDYUSSHOR Hilti (St. Petersburg)"]
[BlackTeam "Polytechnic (Nizhny Tagil)"]
[WhiteFideId "4108116"]
[BlackFideId "4159659"]
[EventDate "2015.05.10"]

1. f4 d5 2. Nf3 g6 3. g3 Bg7 4. Bg2 Nc6 5. O-O Nh6 6. d4 Nf5 7. c3 h5 8. Ne5 h4
9. g4 h3 10. Bh1 Nd6 11. Bxd5 e6 12. Bf3 Ne7 13. e4 f6 14. Nd3 f5 15. Nd2 c6 16.
Re1 b6 17. gxf5 gxf5 18. exf5 Ndxf5 19. Ne4 Nh4 20. Ng5 Qd6 21. Ne5 Bb7 22. Nef7
Qd7 23. Nxh8 O-O-O 24. Nhf7 Rg8 25. Rxe6 Kb8 26. Be4 c5 27. d5 Nef5 28. Ne5 Qc7
29. Nc6+ Ka8 30. Kh1 Nd6 31. Qe2 Rc8 32. Ne7 Re8 33. Nc6 Rg8 34. Bd2 a6 35. Re1
Rc8 36. Re7 Nxe4 37. Rxc7 1-0

[Event "TCh-RUS Blitz 2015"]
[Site "Sochi RUS"]
[Date "2015.05.10"]
[Round "6.14"]
[White "Goganov, Aleksey"]
[Black "Levin, Evgeny A."]
[Result "1/2-1/2"]
[WhiteTitle "GM"]
[BlackTitle "GM"]
[WhiteElo "2609"]
[BlackElo "2518"]
[WhiteTeam "Polytechnic (Nizhny Tagil)"]
[BlackTeam "SDYUSSHOR Hilti (St. Petersburg)"]
[WhiteFideId "24109959"]
[BlackFideId "4182596"]
[EventDate "2015.05.10"]

1. Nf3 g6 2. g3 Bg7 3. Bg2 Nf6 4. O-O O-O 5. c4 d6 6. Nc3 Nc6 7. Rb1 a5 8. d3 e5
9. Bg5 h6 10. Bxf6 Bxf6 11. a3 Bg7 12. b4 axb4 13. axb4 f5 14. Nd2 e4 15. Nd5
exd3 16. exd3 Nd4 17. Nb3 Nxb3 18. Qxb3 Kh7 19. Rfe1 c6 20. Nf4 Re8 21. b5 Bd7
22. h4 Be5 23. bxc6 bxc6 24. h5 Bxf4 25. hxg6+ Kxg6 26. gxf4 Qa5 27. Rxe8 Rxe8
28. Qb7 Re1+ 29. Rxe1 Qxe1+ 30. Bf1 Qe6 31. Qc7 Be8 32. Bg2 Qd7 33. Qb6 c5 34.
d4 cxd4 35. Qxd4 Qe7 36. Bf3 Bf7 37. Kg2 Qf6 38. Qd3 Kg7 39. Bd5 Bxd5+ 1/2-1/2

[Event "TCh-RUS Blitz 2015"]
[Site "Sochi RUS"]
[Date "2015.05.10"]
[Round "6.15"]
[White "Usmanov, Vasily"]
[Black "Krutko, Anatoly"]
[Result "1-0"]
[WhiteTitle "IM"]
[BlackTitle "FM"]
[WhiteElo "2462"]
[BlackElo "2397"]
[WhiteTeam "SDYUSSHOR Hilti (St. Petersburg)"]
[BlackTeam "Polytechnic (Nizhny Tagil)"]
[WhiteFideId "4135741"]
[BlackFideId "4185862"]
[EventDate "2015.05.10"]

1. b3 d6 2. Bb2 Nd7 3. g3 Ngf6 4. Bg2 g6 5. e3 Bg7 6. Ne2 O-O 7. c4 e5 8. O-O a5
9. Nbc3 Re8 10. d3 Nc5 11. Qd2 c6 12. e4 Qb6 13. Ba3 h5 14. h3 Be6 15. Kh2 Rad8
16. Qe3 h4 17. gxh4 Nh5 18. Rae1 Kh7 19. Bc1 Rd7 20. Bd2 Qd8 21. f4 exf4 22.
Nxf4 Be5 23. Ne2 Qxh4 24. d4 Bxf4+ 25. Nxf4 Na6 26. Nxe6 Rxe6 27. Rf3 Nb4 28.
Qh6+ Kg8 29. Ref1 Nc2 30. Bg5 Qxe4 31. Rxf7 Rxf7 32. Rxf7 Kxf7 33. Bxe4 Rxe4 34.
Qh7+ Kf8 35. Bh6+ Ke8 36. Qxg6+ Kd7 37. Qxe4 1-0

[Event "TCh-RUS Blitz 2015"]
[Site "Sochi RUS"]
[Date "2015.05.10"]
[Round "6.16"]
[White "Vokarev, Sergey"]
[Black "Ionov, Sergey"]
[Result "1/2-1/2"]
[WhiteTitle "GM"]
[BlackTitle "GM"]
[WhiteElo "2456"]
[BlackElo "2535"]
[WhiteTeam "Polytechnic (Nizhny Tagil)"]
[BlackTeam "SDYUSSHOR Hilti (St. Petersburg)"]
[WhiteFideId "4119711"]
[BlackFideId "4100875"]
[EventDate "2015.05.10"]

1. e4 e5 2. Nf3 Nc6 3. Bb5 Nf6 4. O-O Nxe4 5. Re1 Nd6 6. Nxe5 Be7 7. Bf1 Nxe5 8.
Rxe5 O-O 9. d4 Ne8 10. c3 Bf6 11. Re1 d5 12. Bd3 Nd6 13. Qf3 c6 14. Bf4 g6 15.
Nd2 Bg7 16. Re2 Bf5 17. Rae1 Bxd3 18. Qxd3 Re8 19. Rxe8+ Nxe8 20. Qg3 Nf6 21.
Be5 Qd7 22. Bxf6 Bxf6 23. Qe3 Kf8 24. Qh6+ Kg8 25. Qf4 Kg7 26. Qe3 Kf8 27. Qh6+
Kg8 28. Qe3 Kf8 1/2-1/2

[Event "TCh-RUS Blitz 2015"]
[Site "Sochi RUS"]
[Date "2015.05.10"]
[Round "6.17"]
[White "Balashov, Yuri S"]
[Black "Bocharov, Ivan"]
[Result "0-1"]
[WhiteTitle "GM"]
[BlackTitle "FM"]
[WhiteElo "2443"]
[BlackElo "2489"]
[WhiteTeam "Our Heritage veterans (Moscow)"]
[BlackTeam "56 parallel (Krasnoyarsk)"]
[WhiteFideId "4100263"]
[BlackFideId "4180887"]
[EventDate "2015.05.10"]

1. e4 d5 2. exd5 Qxd5 3. Nf3 Bg4 4. Be2 Nc6 5. Nc3 Qd7 6. h3 Bh5 7. Ne4 O-O-O 8.
Ng3 Bg6 9. O-O Nf6 10. c3 Bd3 11. Ng5 Bxe2 12. Qxe2 e5 13. b4 h6 14. N5e4 Qd3
15. Re1 Qxe2 16. Rxe2 Nxe4 17. Rxe4 Rd5 18. a4 a6 19. Rb1 g6 20. b5 f5 21. Re2
Na5 22. bxa6 bxa6 23. Nf1 Bc5 24. Ne3 Bxe3 25. fxe3 e4 26. Rb4 Nc6 27. Rc4 Kd7
28. Kf1 Rb8 29. Ke1 Ne5 30. Rd4 Rxd4 31. exd4 Nd3+ 0-1

[Event "TCh-RUS Blitz 2015"]
[Site "Sochi RUS"]
[Date "2015.05.10"]
[Round "6.18"]
[White "Kiriakov, Petr"]
[Black "Dragomarezkij, Evgeni"]
[Result "1-0"]
[WhiteTitle "GM"]
[BlackTitle "IM"]
[WhiteElo "2535"]
[BlackElo "2393"]
[WhiteTeam "56 parallel (Krasnoyarsk)"]
[BlackTeam "Our Heritage veterans (Moscow)"]
[WhiteFideId "4119231"]
[BlackFideId "4101944"]
[EventDate "2015.05.10"]

1. d4 d5 2. c4 dxc4 3. e3 e6 4. Bxc4 Nf6 5. Nf3 c5 6. O-O cxd4 7. exd4 Be7 8.
Nc3 O-O 9. Re1 Nbd7 10. Bb3 Nb6 11. Ne5 Bd7 12. Qf3 Bc6 13. Nxc6 bxc6 14. Qxc6
Qxd4 15. Be3 Qb4 16. Qb5 Rab8 17. Qxb4 Bxb4 18. Rec1 Bxc3 19. Rxc3 Nbd5 20. Rd3
Nxe3 21. Rxe3 Rfc8 22. Kf1 Rc5 23. Rd1 Kf8 24. Red3 Ke7 25. Ke2 a5 26. R3d2 Rb4
27. Rd4 Rcb5 28. Rxb4 Rxb4 29. Rd2 Ne4 30. Rc2 Kd6 31. Bc4 f5 32. b3 g5 33. f3
Nc5 34. Rd2+ Ke7 35. Rc2 h5 36. Kd2 g4 37. Kc3 Rb6 38. Re2 Kd6 39. a3 Rb8 40. b4
axb4+ 41. axb4 Na4+ 42. Kb3 Nc5+ 43. Ka3 Ra8+ 44. Kb2 Na4+ 45. Kb3 e5 46. Rd2+
Kc6 47. Bd5+ 1-0

[Event "TCh-RUS Blitz 2015"]
[Site "Sochi RUS"]
[Date "2015.05.10"]
[Round "6.19"]
[White "Kremenietsky, Anatoly M."]
[Black "Zablotsky, Sergei"]
[Result "0-1"]
[WhiteTitle "IM"]
[BlackTitle "GM"]
[WhiteElo "2316"]
[BlackElo "2525"]
[WhiteTeam "Our Heritage veterans (Moscow)"]
[BlackTeam "56 parallel (Krasnoyarsk)"]
[WhiteFideId "4103467"]
[BlackFideId "4131606"]
[EventDate "2015.05.10"]

1. Nf3 d5 2. b4 Nf6 3. e3 Bg4 4. Bb2 Nbd7 5. c4 e5 6. Qb3 Bxf3 7. gxf3 c6 8.
cxd5 cxd5 9. Nc3 d4 10. Bc4 Qe7 11. Nd5 Nxd5 12. Bxd5 Nb6 13. Be4 O-O-O 14. Rc1+
Kb8 15. b5 g6 16. a4 f5 17. Bb1 Qb4 18. Qxb4 Bxb4 19. exd4 exd4 20. Kd1 Nxa4 21.
Ba1 Nb6 22. Re1 Rd7 23. Ba2 Rhd8 24. Re6 Ba3 25. Rb1 Bf8 26. Bb3 Bg7 27. Rc1 Nd5
28. Rc4 Nf4 29. Re1 Nd3 30. Re2 b6 31. Rc6 Nc5 32. Bc4 Kb7 33. Bb2 a6 0-1

[Event "TCh-RUS Blitz 2015"]
[Site "Sochi RUS"]
[Date "2015.05.10"]
[Round "6.20"]
[White "Mikhel, Vladislav"]
[Black "Melnik, Viktor"]
[Result "1-0"]
[WhiteTitle "FM"]
[WhiteElo "2347"]
[BlackElo "2141"]
[WhiteTeam "56 parallel (Krasnoyarsk)"]
[BlackTeam "Our Heritage veterans (Moscow)"]
[WhiteFideId "4140435"]
[BlackFideId "4189205"]
[EventDate "2015.05.10"]

1. e4 c5 2. Nf3 Nf6 3. Nc3 Nc6 4. d4 d5 5. exd5 Nxd5 6. Bc4 Nxc3 7. bxc3 e6 8.
O-O Be7 9. Bf4 O-O 10. Qd2 b6 11. Rfe1 Bb7 12. Rad1 cxd4 13. cxd4 Nb4 14. Ne5
Bd5 15. Bxd5 Nxd5 16. Nc6 Qd7 17. Nxe7+ Qxe7 18. c4 Nxf4 19. Qxf4 Qb4 20. Re3
Qxc4 21. Rg3 Qc2 22. Qg4 g6 23. h4 f5 24. Qf3 Qe4 25. Qb3 Rae8 26. h5 Kg7 27.
Re3 Qd5 28. Qa3 Rf7 29. hxg6 hxg6 30. Re5 Qc4 31. d5 Qf4 32. Qc3 Rf6 33. Rxe6
Rxe6 34. dxe6 Qe4 35. Rd7+ 1-0

[Event "TCh-RUS Blitz 2015"]
[Site "Sochi RUS"]
[Date "2015.05.10"]
[Round "6.21"]
[White "Malakhov, Vladimir"]
[Black "Potapov, Pavel"]
[Result "0-1"]
[WhiteTitle "GM"]
[BlackTitle "IM"]
[WhiteElo "2702"]
[BlackElo "2477"]
[WhiteTeam "Malachite (Sverdlovsk region)"]
[BlackTeam "Yamal (YaNAO)"]
[WhiteFideId "4120787"]
[BlackFideId "4169786"]
[EventDate "2015.05.10"]

1. Nf3 f5 2. d3 Nc6 3. Nc3 d6 4. e4 e5 5. exf5 Bxf5 6. d4 e4 7. Ng5 Nf6 8. d5
Ne5 9. Qd4 Qe7 10. Be3 Ned7 11. O-O-O h6 12. Ne6 Bxe6 13. dxe6 Nc5 14. Qc4 Nxe6
15. Nxe4 Nxe4 16. Qxe4 Nc5 17. Bb5+ Kd8 18. Qg4 Qe6 19. Qf3 Qxa2 20. Bxc5 Qa1+
21. Kd2 Qa5+ 22. c3 Qxb5 23. Ba3 Be7 24. Kc2 Rf8 25. Qg3 Qf5+ 26. Kb3 Qe6+ 27.
c4 b5 28. Ka2 Qxc4+ 29. Ka1 b4 30. Rc1 Qb5 31. Qb3 Rb8 32. Qc2 Rb7 33. Rhe1 bxa3
34. b4 Bf6+ 35. Ka2 Qd5+ 36. Kxa3 Qb5 37. Qe4 Qa6+ 38. Kb3 c5 39. Rc4 Qb6 40.
Rd1 Qxb4+ 41. Rxb4 Rxb4+ 42. Qxb4 cxb4 43. Rxd6+ Kc7 44. Ra6 Kb7 45. Re6 Bc3 46.
Re7+ Kc6 47. f3 a5 0-1

[Event "TCh-RUS Blitz 2015"]
[Site "Sochi RUS"]
[Date "2015.05.10"]
[Round "6.22"]
[White "Belyakov, Bogdan"]
[Black "Riazantsev, Alexander"]
[Result "0-1"]
[WhiteTitle "IM"]
[BlackTitle "GM"]
[WhiteElo "2478"]
[BlackElo "2671"]
[WhiteTeam "Yamal (YaNAO)"]
[BlackTeam "Malachite (Sverdlovsk region)"]
[WhiteFideId "24104795"]
[BlackFideId "4125029"]
[EventDate "2015.05.10"]

1. e4 c6 2. d4 d5 3. Nc3 dxe4 4. Nxe4 Bf5 5. Ng3 Bg6 6. Bc4 e6 7. N1e2 Bd6 8. h4
h6 9. Nf4 Bxf4 10. Bxf4 Nf6 11. h5 Bh7 12. Qe2 Nd5 13. Be5 O-O 14. O-O-O Nd7 15.
Bd6 Re8 16. Bd3 Bxd3 17. Qxd3 Qa5 18. Kb1 Rad8 19. Ne4 N5f6 20. Nxf6+ Nxf6 21.
Be5 Ng4 22. Qe2 Nxe5 23. dxe5 Rd5 24. Rxd5 Qxd5 25. f4 Rd8 26. b3 Qd2 27. Qf3
Rd4 28. g3 a5 29. a4 Rd5 30. Kb2 Rc5 31. Rc1 Qd4+ 32. c3 Qd2+ 33. Rc2 Qd5 34. c4
Qxf3 0-1

[Event "TCh-RUS Blitz 2015"]
[Site "Sochi RUS"]
[Date "2015.05.10"]
[Round "6.23"]
[White "Lysyj, Igor"]
[Black "Goryachkina, Aleksandra"]
[Result "1/2-1/2"]
[WhiteTitle "GM"]
[BlackTitle "WGM"]
[WhiteElo "2677"]
[BlackElo "2474"]
[WhiteTeam "Malachite (Sverdlovsk region)"]
[BlackTeam "Yamal (YaNAO)"]
[WhiteFideId "4150120"]
[BlackFideId "4147103"]
[EventDate "2015.05.10"]

1. d4 d5 2. c4 c6 3. Nf3 Nf6 4. e3 Bf5 5. Nc3 e6 6. Nh4 Be4 7. f3 Bg6 8. Qb3 Qc7
9. Bd2 Be7 10. cxd5 cxd5 11. O-O-O Nc6 12. Nxg6 hxg6 13. Kb1 O-O 14. Rc1 Rfc8
15. Qd1 a6 16. g4 b5 17. h4 Rab8 18. h5 g5 19. Bd3 Qb7 20. Ne2 Nb4 21. Bc3 Nxd3
22. Qxd3 b4 23. Bd2 Ne8 24. h6 g6 25. h7+ Kh8 26. f4 Rxc1+ 27. Bxc1 Qb5 28. Qxb5
Rxb5 29. Ng3 Nf6 30. fxg5 Nxh7 31. e4 Kg7 32. e5 Nxg5 33. Be3 Rb8 34. Kc2 Rc8+
35. Kd3 a5 36. Rc1 Rh8 37. Rh1 Rc8 38. Rc1 Rh8 39. Rh1 Rc8 40. Rc1 1/2-1/2

[Event "TCh-RUS Blitz 2015"]
[Site "Sochi RUS"]
[Date "2015.05.10"]
[Round "6.24"]
[White "Sergeyev, Alexander"]
[Black "Khismatullin, Denis"]
[Result "0-1"]
[WhiteTitle "FM"]
[BlackTitle "GM"]
[WhiteElo "2380"]
[BlackElo "2666"]
[WhiteTeam "Yamal (YaNAO)"]
[BlackTeam "Malachite (Sverdlovsk region)"]
[WhiteFideId "13702076"]
[BlackFideId "4142578"]
[EventDate "2015.05.10"]

1. e4 c5 2. Nc3 a6 3. f4 b5 4. d4 cxd4 5. Qxd4 Bb7 6. Be3 Nc6 7. Qb6 Qxb6 8.
Bxb6 Rc8 9. a4 b4 10. Nd5 Nf6 11. Nc7+ Rxc7 12. Bxc7 Nxe4 13. Nf3 e6 14. Bd3 Nc5
15. Bb6 Nxd3+ 16. cxd3 Bd6 17. Be3 b3 18. Rc1 Nb4 19. Rc3 Bxf3 20. gxf3 Nd5 21.
Rc8+ Ke7 22. Rxh8 Nxe3 23. Ra8 Ng2+ 24. Kd2 Bb4+ 25. Kc1 a5 26. Kb1 Nxf4 27. Rc1
Nxd3 28. Rc4 Be1 29. Rd4 Nc5 30. Ra7 f5 31. Rc4 Kd6 32. Ra8 Ke5 0-1

[Event "TCh-RUS Blitz 2015"]
[Site "Sochi RUS"]
[Date "2015.05.10"]
[Round "6.26"]
[White "Skomorokhin, Vadim"]
[Black "Ivanov, Alexander Al."]
[Result "0-1"]
[WhiteTitle "FM"]
[BlackTitle "GM"]
[WhiteElo "2342"]
[BlackElo "2420"]
[WhiteTeam "SK Volga (Kstovo)"]
[BlackTeam "HQ Rakita - NIU BSU (Belgorod)"]
[WhiteFideId "4119835"]
[BlackFideId "4126360"]
[EventDate "2015.05.10"]

1. d4 g6 2. e4 Bg7 3. Nf3 d6 4. Nbd2 Nf6 5. Bd3 O-O 6. O-O Nc6 7. d5 Nb8 8. c4
Nbd7 9. h3 Nc5 10. Bc2 a5 11. Re1 e6 12. Rb1 Nh5 13. Nb3 Nxb3 14. Bxb3 e5 15.
Bc2 Nf4 16. a3 Qf6 17. b4 h5 18. c5 axb4 19. axb4 g5 20. Nh2 Bh6 21. Bxf4 gxf4
22. Qxh5 Ra2 23. Bb3 Ra3 24. cxd6 cxd6 25. Ng4 Bxg4 26. Qxg4+ Qg6 27. Qxg6+ fxg6
28. f3 Rc8 29. Bd1 Bg5 30. Be2 Rc2 31. Bf1 Bh4 32. Rec1 Raa2 33. Rxc2 Rxc2 34.
Ra1 Bf2+ 35. Kh2 Kg7 36. h4 Bxh4 37. Ra7 Rc1 38. Kg1 Be1 39. Rxb7+ Kh6 40. Rd7
Bxb4 41. g4 fxg3 42. Kg2 Kg5 43. Rf7 Bd2 44. Rd7 Rc2 45. Kh1 Be3 46. Rxd6 Rh2# 0-1

[Event "TCh-RUS Blitz 2015"]
[Site "Sochi RUS"]
[Date "2015.05.10"]
[Round "6.27"]
[White "Khoroshilov, Nikita"]
[Black "Talanin, Andrei"]
[Result "1-0"]
[WhiteElo "2274"]
[BlackElo "2279"]
[WhiteTeam "HQ Rakita - NIU BSU (Belgorod)"]
[BlackTeam "SK Volga (Kstovo)"]
[WhiteFideId "24145122"]
[BlackFideId "4117387"]
[EventDate "2015.05.10"]

1. Nf3 d5 2. d3 c5 3. Nbd2 Nc6 4. e4 d4 5. g3 e5 6. Nc4 Qc7 7. a4 Nf6 8. Bg2 Be7
9. O-O O-O 10. Nh4 Be6 11. b3 a6 12. a5 Bxc4 13. bxc4 Nxa5 14. f4 Nc6 15. fxe5
Nxe5 16. Nf5 Ne8 17. Bf4 Bf6 18. Rb1 Rb8 19. Qh5 g6 20. Nh6+ Kg7 21. Qh3 Qe7 22.
Ng4 Nxg4 23. Bxb8 Ne3 24. Rf2 Nd6 25. Bxd6 Qxd6 26. Rxb7 a5 27. Rb5 a4 28. Ra5
Nd1 29. Rf1 Nc3 30. Qg4 h5 31. Qf3 Bg5 32. Ra7 Bf6 33. Bh3 Qe5 34. Kg2 Qg5 35.
e5 Be7 36. e6 f5 37. Qb7 Re8 38. Qd7 Kf8 39. Kh1 Ne2 40. Bg2 Rd8 41. Qc7 h4 42.
Ra8 Nxg3+ 43. hxg3 1-0